Empty forest: many large animals are already ecologically extinct in vast areas of neotropical forest where the vegetation still appears intact (Registro nro. 9268)

Detalles MARC
000 -CABECERA
Campo de control 005460000a22001570004500
090 ## - CLASIFICACIÓN LOCAL
Colección AR
Consecutivo 00167
041 0# - IDIOMA
Código de idioma para texto/pista de sonido o título separado
100 1# - ASIENTO PRINCIPAL--NOMBRE PERSONAL
Nombre personal Redford, Kent H.
245 10 - MENCION DE TITULO
Título Empty forest: many large animals are already ecologically extinct in vast areas of neotropical forest where the vegetation still appears intact
650 14 - ASIENTO SECUNDARIO DE MATERIA - TERMINO TEMATICO
Término temático o nombre geográfico como elemento de entrada Deforestación
650 14 - ASIENTO SECUNDARIO DE MATERIA - TERMINO TEMATICO
Término temático o nombre geográfico como elemento de entrada Bosques tropicales
650 14 - ASIENTO SECUNDARIO DE MATERIA - TERMINO TEMATICO
Término temático o nombre geográfico como elemento de entrada Actividades extractivas
650 14 - ASIENTO SECUNDARIO DE MATERIA - TERMINO TEMATICO
Término temático o nombre geográfico como elemento de entrada Impacto ecológico
773 1# - Item fuente:
Título Bioscience
Especificación de materiales 16
Descripción física 6
Paginas del Articulo 412-422
Lugar, editorial y fecha de publicación 1992
Información sobre la relación 42
942 ## - ELEMENTOS ADICIONALES (KOHA)
Tipo de ítem Artículo
Existencias
Withdrawn status Lost status Damaged status No para préstamo Colección Ubicación Permanente Ubicación actual Fecha de adquisición Fuente de Valor Datos de publicación Seriada Total Checkouts Número topográfico Inventario / Código de Barras Date last seen Ejemplar Price effective from Forma de adquisición Tipo de material
      No para Préstamo Hemeroteca Bogotá Bogotá 27/02/2015 Ferreira Miani, Paola Fuera de circulación   AR 00167 010404 25/03/2015 1 25/03/2015   Artículo